| 000 | 01008nam a22002535i 4500 | ||
|---|---|---|---|
| 001 | 176531 | ||
| 003 | ES-MaACL | ||
| 005 | 20230906220117.0 | ||
| 008 | 110120s1941 sp a |||| | spa d | ||
| 080 | _a821.134.2-22"19" | ||
| 100 | 1 |
_aLinares, Luisa-María. _972339 |
|
| 245 | 1 | 0 |
_aEn poder de Barba Azul _b: comedia en un prólogo y tres actos, adaptación de la novela de Luisa-María Linares / _cpor Luisa-María Linares y "Daniel España". |
| 260 |
_aMadrid : _b[s. n., _c1941?] |
||
| 300 |
_a68 p. : _bil. bl. y n. ; _c17 cm. |
||
| 490 | 1 |
_aBiblioteca teatral ; _v15 |
|
| 500 | _aAnteportada ilustrada. | ||
| 500 | _aEn port. : Estrenada en el Teatro Rialto la noche del 13 de junio de 1941 por la Compañía de Amparo Martí y Francisco Pierra. | ||
| 500 | _aEncuadernado con otros títulos. | ||
| 597 | _aEn el lomo: 2-15. | ||
| 700 | 0 |
_aEspaña, Daniel. _9144828 |
|
| 830 | 0 |
_aBiblioteca teatral ; _v15 _9190120 |
|
| 852 |
_aES-MaACL _jE-14121 (15) _xOlim P-302 |
||
| 999 |
_c176531 _d176531 |
||